Método de la ruta critica y su aplicación a la construcción / (Registro nro. 6116)
[ vista simple ]
| 000 -LEADER | |
|---|---|
| fixed length control field | 01714nam a2200313Ia 4500 |
| 003 - CONTROL NUMBER IDENTIFIER | |
| control field | OSt |
| 005 - DATE AND TIME OF LATEST TRANSACTION | |
| control field | 20201027145829.0 |
| 008 - FIXED-LENGTH DATA ELEMENTS--GENERAL INFORMATION | |
| fixed length control field | 191128s1967 mx ad gr 000 0 spa d |
| 040 ## - CATALOGING SOURCE | |
| Original cataloging agency | CO-JMCR |
| Transcribing agency | CO-JMCR |
| 041 1# - LANGUAGE CODE | |
| Language code of text/sound track or separate title | spa |
| Language code of original | eng |
| 082 04 - DEWEY DECIMAL CLASSIFICATION NUMBER | |
| Classification number | 658.92 / |
| Item number | A629m |
| Edition number | 23 |
| 100 1# - MAIN ENTRY--PERSONAL NAME | |
| Personal name | Antill, James M., |
| Relator term | autor |
| 9 (RLIN) | 12062 |
| 245 10 - TITLE STATEMENT | |
| Title | Método de la ruta critica y su aplicación a la construcción / |
| Statement of responsibility, etc. | James M. Antill, Ronald W. Woohead ; traducción de Fernando L. Echeagaray Moreno ; Revisión de Dagoberto de la Serna Valdivia |
| 250 ## - EDITION STATEMENT | |
| Edition statement | Primera edición |
| 260 ## - PUBLICATION, DISTRIBUTION, ETC. | |
| Place of publication, distribution, etc. | México : |
| Name of publisher, distributor, etc. | Limusa, |
| Date of publication, distribution, etc. | 1967. |
| 300 ## - PHYSICAL DESCRIPTION | |
| Extent | 315 páginas : |
| Other physical details | gráficos a blanco y negro ; |
| Dimensions | 23 cm. |
| 500 ## - GENERAL NOTE | |
| General note | Incluye datos biográficos de los autores, índice alfabético y notas a pie de páginas. |
| 504 ## - BIBLIOGRAPHY, ETC. NOTE | |
| Bibliography, etc. note | Bibliografía: página 305 |
| 505 0# - FORMATTED CONTENTS NOTE | |
| Formatted contents note | Introducción al método de la ruta crítica -- Procedimientos y terminología del método de la ruta crítica -- Diagrama de flechas y datos de la relación costo-tiempo -- Cálculo de redes I: Rutas críticas y tiempos flotantes - Distrubución de los recursos |
| 520 0# - SUMMARY, ETC. | |
| Summary, etc. | El método de la ruta crítica (CPM) es una técnica nueva y eficaz para la planeación y administración de todo tipo de proyectos. El método de la ruta crítica tuvo su origen a fiines de la década pasada. |
| 534 ## - ORIGINAL VERSION NOTE | |
| Introductory phrase | Critical path methods in construction practice |
| 546 ## - LANGUAGE NOTE | |
| Language note | Traducido del iniglés |
| 650 24 - SUBJECT ADDED ENTRY--TOPICAL TERM | |
| Topical term or geographic name entry element | Análisis de ruta crítica |
| 9 (RLIN) | 12063 |
| 650 24 - SUBJECT ADDED ENTRY--TOPICAL TERM | |
| Topical term or geographic name entry element | Ingeniería |
| General subdivision | Gestión |
| 9 (RLIN) | 12064 |
| 700 1# - ADDED ENTRY--PERSONAL NAME | |
| Personal name | Woohead, Ronald W., |
| Relator term | autor |
| 9 (RLIN) | 12065 |
| 700 1# - ADDED ENTRY--PERSONAL NAME | |
| Personal name | Echeagaray Moreno, Fernando L., |
| Relator term | traductor |
| 9 (RLIN) | 12066 |
| 700 1# - ADDED ENTRY--PERSONAL NAME | |
| Personal name | Serna Valdivia, Dagoberto de la, |
| Dates associated with a name | revisor |
| 9 (RLIN) | 12067 |
| 942 ## - ADDED ENTRY ELEMENTS (KOHA) | |
| Source of classification or shelving scheme | Dewey Decimal Classification |
| Koha item type | Books |
| Withdrawn status | Lost status | Source of classification or shelving scheme | Materials specified (bound volume or other part) | Damaged status | Not for loan | Home library | Current library | Shelving location | Date acquired | Source of acquisition | Full call number | Barcode | Date last seen | Copy number | Price effective from | Koha item type |
|---|---|---|---|---|---|---|---|---|---|---|---|---|---|---|---|---|
| Dewey Decimal Classification | Donación--15/04/2018-- | Biblioteca Pública José María del Castillo y Rada | Biblioteca Pública José María del Castillo y Rada | General Stacks | 11/28/2019 | Donación | 658.92 / A629m | 201811186 | 05/16/2024 | Ej.1 | 11/28/2019 | Books |